Les 15 pays européens les plus peuplés en 2024 ! - Statistiques

Statistiques générales
  • Ce quiz a été pris 325 fois
  • Le résultat moyen est 14 sur 15
Statistiques - réponses
Habitants Pays % Correct
67 millions France
100%
83 millions Allemagne
99%
146 millions Russie
99%
47 millions Espagne
98%
60 millions Italie
96%
38 millions Pologne
94%
10 millions Portugal
92%
11 millions Belgique
89%
10 millions Suède
89%
41 millions Ukraine
89%
68 millions Angleterre
86%
10 millions Grèce
85%
17 millions Pays bas
85%
19 millions Roumanie
84%
9 millions Hongrie
75%
Aucun quiz correspondant
Distribution des résultats
% des personnes avec chaque résultat
Percentile par nombre de réponses
Votre historique - résultats
Vous n’avez pas pris ce quiz